¡No te enfades! : (Record no. 92275)

MARC details
000 -CABECERA
campo de control de longitud fija 00652nam a2200205 a 4500
005 - FECHA Y HORA DE LA ÚLTIMA TRANSACCIÓN
campo de control 20221025063729.0
008 - ELEMENTOS DE LONGITUD FIJA--INFORMACIÓN GENERAL
campo de control de longitud fija 021007s1999 mx r 000 0 spa d
020 ## - NÚMERO INTERNACIONAL NORMALIZADO PARA LIBROS
Número Internacional Estándar del Libro 8427122578
035 ## - NÚMERO DE CONTROL DEL SISTEMA
Número de control de sistema UPN01000119925
049 ## - COLECCIÓN
Colección CG
050 #4 - SIGNATURA TOPOGRÁFICA DE LA BIBLIOTECA DEL CONGRESO
Número de clasificación BF637 I4.8
Número de documento/Ítem K4.68
100 1# - ASIENTO PRINCIPAL--NOMBRE PERSONAL
Nombre de persona Kellner, Hedwig
245 11 - MENCIÓN DE TÍTULO
Título ¡No te enfades! :
Resto del título resolución positiva de los conflictos : con test psicológico /
Mención de responsabilidad, etc. Hedwig Kellner ; tr. Sabino Zabala.
260 ## - PUBLICACIÓN, DISTRIBUCIÓN, ETC.
Lugar de publicación, distribución, etc. Bilbao, Esp. :
Nombre del editor, distribuidor, etc. Mensajero,
Fecha de publicación, distribución, etc. c1999.
300 ## - DESCRIPCIÓN FÍSICA
Extensión 303 p.
440 #0 - MENCIÓN DE SERIE/ASIENTO SECUNDARIO--TÍTULO
Título Desarrollo personal ;
Designación de volumen o secuencia 8
650 #2 - ASIENTO SECUNDARIO DE MATERIA - TERMINO TEMATICO
Término de materia o nombre geográfico como elemento de entrada Conflicto (psicología)
9 (RLIN) 11587
650 #4 - ASIENTO SECUNDARIO DE MATERIA - TERMINO TEMATICO
Término de materia o nombre geográfico como elemento de entrada CONFLICTOS INTERPERSONALES
9 (RLIN) 11594
905 ## - TIPO DE MATERIAL
Tipo de material Libro
Holdings
Estado de retiro Estado de pérdida Fuente del sistema de clasificación o colocación Estado dañado No para préstamo Código de colección Localización permanente Ubicación/localización actual Ubicación en estantería Fecha de adquisición Total de préstamos Clasificación Código de barras Fecha visto por última vez Número de copia Tipo de ítem Koha
    Library of Congress Classification     Colección General Bib. Gregorio Torres Quintero Bib. Gregorio Torres Quintero Planta baja 03/08/2023 17 BF637 I4.8 K4.68 198188 31/12/2020 1 Libro